| 000 | 01220nam a22003617a 4500 | ||
|---|---|---|---|
| 003 | CHAP | ||
| 005 | 20220817042953.0 | ||
| 008 | 971013s1993 r 00010 d | ||
| 010 | _a61507 | ||
| 011 | _a62479 | ||
| 035 | _a66653 | ||
| 040 | _cCHAP | ||
| 090 | _aFolleto 14779y | ||
| 100 | 0 | 0 |
_aBonner, F. T. _913727 |
| 245 | 1 | _aAnálisis de semilla forestales | |
| 260 |
_aChapingo, Méx. : _bUACH. División de Ciencias Forestales, _c1993 |
||
| 300 |
_a53 p. _b: ilus. |
||
| 490 |
_aSerie de Apoyo Académico _v; 47 |
||
| 590 |
_aBATCH-UPD _b10 _c20130110 _lUCH01 _h0448 |
||
| 590 |
_aBATCH-UPD _b10 _c20130110 _lUCH01 _h2252 |
||
| 590 |
_aBATCH-UPD _b10 _c20130410 _lUCH01 _h0125 |
||
| 590 |
_aBATCH-UPD _b10 _c20130410 _lUCH01 _h1546 |
||
| 590 |
_aBATCH-UPD _b10 _c20130914 _lUCH01 _h0657 |
||
| 590 |
_aCONVERSION _b10 _c20130109 _lUCH01 _h1333 |
||
| 650 | 1 | 4 |
_aSemillas forestales. _9103935 |
| 650 | 1 | 4 |
_aSemillas _xAnálisis. _9103878 |
| 830 | 0 |
_aSerie de apoyo académico _v; 47 |
|
| 901 | _aBK | ||
| 942 | _cFOLL | ||
| 949 |
_aFolleto 14779y _bBC _cFOLL _d-151872 _eTS1 _i66653 _si |
||
| 949 |
_aFolleto 14779y _bBC _cFOLL _d-151873 _eTS2 _fc.2 _i66653 _si |
||
| 949 |
_aFolleto 14779y _bBC _cUACH _d-151874 _eUACH _fc.3 _i66653 _si |
||
| 999 |
_c61507 _d61507 |
||